MAINTENANCE AND REPAIR (Record no. 582282)

000 -LEADER
fixed length control field 00207nam a22000977a 4500
082 ## - DEWEY DECIMAL CLASSIFICATION NUMBER
Classification number 629.224 MAI'N
245 ## - TITLE STATEMENT
Title MAINTENANCE AND REPAIR
260 ## - PUBLICATION, DISTRIBUTION, ETC.
Place of publication, distribution, etc. MOSCOW
Name of publisher, distributor, etc. AUTOEXPORT
Date of publication, distribution, etc. 1969
300 ## - PHYSICAL DESCRIPTION
Extent 346P
942 ## - ADDED ENTRY ELEMENTS (KOHA)
Koha item type Book
Holdings
Withdrawn status Lost status Damaged status Not for loan Permanent Location Current Location Shelving location Date acquired Total Checkouts Full call number Barcode Date last seen Price effective from Koha item type
        College of Electrical & Mechanical Engineering (CEME) College of Electrical & Mechanical Engineering (CEME) General Stacks 06/05/2017   629.224 MAI'N CEME-10772 06/28/2021 06/28/2021 Book
© 2023 Central Library, National University of Sciences and Technology. All Rights Reserved.